Compensation to land and house owners (Record no. 114191)

MARC details
000 -LEADER
fixed length control field 00829cam a22002055a 4500
001 - CONTROL NUMBER
control field L156336
008 - FIXED-LENGTH DATA ELEMENTS--GENERAL INFORMATION
fixed length control field 120514s1869 xxk f 000 0 eng d
035 ## - SYSTEM CONTROL NUMBER
System control number (Sirsi) u156336
041 0# - LANGUAGE CODE
Language code of text/sound track or separate title eng
100 1# - MAIN ENTRY--PERSONAL NAME
Personal name Ingram, T. Dunbar
Fuller form of name (Thomas Dunbar)
Dates associated with a name 1826-1901
245 00 - TITLE STATEMENT
Title Compensation to land and house owners
Remainder of title being a treatise on the law of the compensation for interests in lands, &c. payable by railway and other public companies ; with an appendix of forms and statutes
Statement of responsibility, etc. by Thomas Dunbar Ingram
250 ## - EDITION STATEMENT
Edition statement 2d ed.
Remainder of edition statement by J. J. Elmes
260 ## - PUBLICATION, DISTRIBUTION, ETC.
Place of publication, distribution, etc. London
Name of publisher, distributor, etc. Butterworths
Date of publication, distribution, etc. 1869
300 ## - PHYSICAL DESCRIPTION
Extent xxiii, 404 p.
Other physical details forms
Dimensions 21 cm.
583 ## - ACTION NOTE
Action Condition reviewed
Time/date of action 20120620
Status condition level 1
651 #4 - SUBJECT ADDED ENTRY--GEOGRAPHIC NAME
Geographic name Great Britain
Chronological subdivision 1707-
690 ## - LOCAL SUBJECT ADDED ENTRY--TOPICAL TERM (OCLC, RLIN)
Topical term or geographic name as entry element Compulsory purchase
9 (RLIN) 6228
700 1# - ADDED ENTRY--PERSONAL NAME
Personal name Elmes, J. J.
Fuller form of name (John James)
Dates associated with a name 1831-1888
942 ## - ADDED ENTRY ELEMENTS (KOHA)
Suppress in OPAC 0
Holdings
Withdrawn status Lost status Source of classification or shelving scheme Damaged status Not for loan Home library Current library Shelving location Date acquired Total Checkouts Full call number Barcode Date last seen Copy number Price effective from Koha item type
    Dewey Decimal Classification     Historic collection Historic collection Historic collection 14/05/2012   OCTAVO 1869 INGRAM 30077866 06/08/2019 1 06/08/2019 Book